Municipalities of Waushara County, Wisconsin - Statistics

General Stats
  • This quiz has been taken 77 times
  • The average score is 16 of 29
Answers on the Map
Answers color-coded by a green-red scale on the quiz's map according to % correct below.
 
Answer Stats
Answer % Correct
City of Wautoma
100%
Town of Wautoma
100%
City of Berlin
90%
Village of Redgranite
90%
Town of Coloma
80%
Village of Coloma
80%
Town of Plainfield
70%
Village of Plainfield
70%
Village of Wild Rose
70%
Census Designated Place of Poy Sippi
60%
Town of Mount Morris
60%
Town of Poy Sippi
60%
Census Designated Place of Tustin
50%
Town of Hancock
50%
Town of Rose
50%
Town of Saxeville
50%
Village of Hancock
50%
Census Designated Place of Pine River
40%
Town of Aurora
40%
Town of Bloomfield
40%
Town of Marion
40%
Town of Richford
40%
Town of Warren
40%
Village of Lohrville
40%
Town of Deerfield
30%
Town of Leon
30%
Town of Oasis
30%
Town of Springwater
30%
Town of Dakota
20%
No matching quizzes found
Score Distribution
Percent of People with Each Score
Percentile by Number Answered
Your Score History
You have not taken this quiz